000 00985nam a22002537a 4500
005 20240530110409.0
008 150209s2010 ua f b 000 0 ara d
017 _a2012/21206
_bمصر . دار الكتب المصرية
020 _a9789771807797
040 _aEG-CaGPL
041 0 _aara
082 0 4 _221
_a962.39
_bق/ ص س
100 0 _aصبرى احمد العدل
245 1 0 _aسيناء فى التاريخ الحديث :
_b( 1869 - 1917 )
_cتاليف صبرى احمد العدل
260 _aالقاهرة :
_bدار الكتب و الوثائق القومية ،
_c2010
300 _a342 ص ؛
_c24 سم
490 _aمصر النهضة ؛
_v57
504 _aببليوجرافية : ص 323 - 338
650 0 4 _aسيناء
_xتاريخ
650 0 4 _aسيناء
_xتاريخ
_xالحرب العالمية الاولى
650 0 4 _aسيناء
_xتاريخ
_xالاحوال الاقتصادية
942 _2ddc
_cBK
999 _c60409
_d60409